000 00320nam a2200145Ia 4500
008 200615s9999||||xx |||||||||||||| ||und||
020 _a9788122434101
082 _a530
_bNUC-R
100 _aROY,RR
245 0 _aNUCLEAR PHYSICS
250 _a1ST
260 _aNEW DELHI
_bNEW AGE
_c2017
300 _a587
942 _cBK
999 _c30602
_d30602